00751nam a22001937a 4500999001900000005001700019010001500036020002600051035001400077037001300091082001300104100001400117245010500131260003000236270010800266300003300374942002700407952012300434 c190716d19071620220803144010.0 aENG-134207 a9789388548328c600.00 aEN-117739 bDBAD/PUB a347.5405 aKannan, K aMulla The Key to Indian Practice:bA summary of the code of civil Procedure/cDinshaw Fardunji Mulla aHaryanabLexisNexisc2019 a14th Floor, Building No. 10, Tower-B, DLF Cyber City, Phase-IIbGurgaone122002mhelp.in@lexisnexis.com axli, 236p.bIndexc24cm(pbk) 2ddccENh347.5405mMUL 001040708NFICaBNbBNd2022-08-03eDBAD/PUBg600.00l0o347.5405 MULpEN-117739r2022-08-03 00:00:00t1v600.00yEN